000
00273nam a22001217a 4500
008
160521b xxu||||| |||| 00| 0 eng d
020
_a
9780030642760
020
_a
0030642760
041
_a
eng
080
_a
579
245
_a
Modern biology:
_c
Study Guide;
942
_2
udc
_c
BK
999
_c
2347
_d
2347